Регионална библиотека "Любен Каравелов" - Русе

Муминтрол се влюбва (Запис номер 211953)

MARC детайли
000 -Лидер
Контролно поле с фиксирана дължина 01619nkm a2200433 c 4500
003 - Код на организацията, давaща контролен номер
Контролно поле BLK
005 - Дата и час на последна редакция
Контролно поле 20241228124522.0
008 - Елементи от данни с фиксирана дължина
fixed length control field 180413b bul rap|r|||| r0| ||bulo|
010 ## - Наследен системен номер
LC control number KNG00198424000
020 ## - Международен стандартен номер на книга ISBN
Международен стандартен номер на книга ISBN 9786191862795
040 ## - Източник на каталожния запис
Идентификатор на билиотеката - собственик на записа BLK
041 ## - Код за език
Код за езика на текст/звукозапис или на отделно заглавие Български
Код за езика КДБФ Български
072 #7 - Код за тематичната категория
Код организация bullib
Код за тематична категория Н85
Текст Детска художествена литература Н
080 ## - УДК
Текстов определител УДК Финландска литература
УДК код - определител по УДК 821.511.111
УДК определител -93-32
УДК - код + определител 821.511.111-93-32
080 ## - УДК
Текстов определител УДК Карикатура. Комикс
УДК код - определител по УДК 741.5
УДК определител (02.053.2)
УДК - код + определител 741.5(02.053.2)
100 1# - Редна дума - Автор
Автор Янсон, Туве
Авторска отговорност първи автор
R(LIN) 365645
139 ## - Редно поле
Редна дума Янсон, Туве
Авторски знак Янсо - Я 67
245 10 - Сведения за заглавието
Заглавие Муминтрол се влюбва
Редно поле (дума) Туве Янсон; прев. Анелия Петрунова.
257 ## - Страна на издаване
Страна на създаване/издаване Финландия
260 ## - Област на издателските данни
Име на издателя, разпространителя и проч. Жанет 45
Година на издаване 2016
Място на издаване, разпространение и проч. Пловдив
300 ## - Физическа характеристика
Страници 33 с.
Илюстрации и др. с цв. ил.
Размери/Мащаб 16Х22 см
380 ## - Жанр
Жанр Детска худож. лит.
500 ## - Общи забележки
Забележка Прев. от англ. изд. Moomin Falls in Love / Tove Jansson.
650 #4 - Допълнително описание по предмет – тема
Основно описание – тема или топоним Комикси - издания за деца
9 (RLIN) 282145
653 ## - Ключова дума – ненормативна
Ключова дума комикси
653 ## - Ключова дума – ненормативна
Ключова дума литература за деца
653 ## - Ключова дума – ненормативна
Ключова дума детска литература
659 ## - Тематичен бюлетин
Тематичен бюлетин Н
700 1# - Други автори (авторска отговорност)
Лично име Петрунова, Анелия Георгиева, 1977-
9 (RLIN) 110375
852 ## - Местоположение
Форматна сигнатура Цб І 39121
856 4# - Електронен адрес и достъп
Електронен формат pdf - файл
Път до файла /url/
856 4# - Електронен адрес и достъп
Електронен формат pdf - файл
Път до файла /url/
999 ## - СИСТЕМНИ КОНТРОЛНИ НОМЕРА
Koha biblionumber 211953
Koha biblioitemnumber 211953
942 ## - АРТИКУЛИ
Вид на библиотечния материал Книги
Скрит в OPAC Не
Koha issues (borrowed), all copies 17
Периодичен библиозапис Да
944 ## - СЪЗДАВАНЕ И РЕДАКЦИЯ на ЗАПИСА
Създаване/Редакция Създаване
Дата на регистрацията/редакция 16.12.2016
Статус, дата на статуса Цветелина Шанова
Служител, извършил регистрацията/редакцията 30531
944 ## - СЪЗДАВАНЕ И РЕДАКЦИЯ на ЗАПИСА
Създаване/Редакция Редакция
Дата на регистрацията/редакция 14.10.2017
Статус, дата на статуса ф /
Служител, извършил регистрацията/редакцията Пенка_Димитрова
999 ## - СИСТЕМНИ КОНТРОЛНИ НОМЕРА
Koha biblioitemnumber 211953
999 ## - СИСТЕМНИ КОНТРОЛНИ НОМЕРА
Koha biblioitemnumber 211953
999 ## - СИСТЕМНИ КОНТРОЛНИ НОМЕРА
Koha biblioitemnumber 211953
Наличности
Код за отписване Код за изгубен артикул Код за повреда Коз за рестрикции Код за отдаване Артикулен № Име на библиотеката - собственик Име на библиотеката, в която се намира в момента Статус (Текущо местоположение) Дата на вписване в системата Местоположение - отдел Цена в лева Инвентарен номер Систематично азбучна сигнатура Баркод Номер на екземпляра Цена в евро Служебна бележка Служебен тип на артикула Източник на класификационната схема
  Не е изгубен Не е повреден без рестрикции заемане за дома 363916 Регионална библиотека "Любен Каравелов" Русе Регионална библиотека "Любен Каравелов" Русе Детски отдел 2016-12-21 Детски отдел 15.00 120000806696 ДХ 820/899/Я 67 120000806696 1 7.67 Дост: Pk Вид: Ф N: 475 Дата: 19.12.2016 Графични издания  
  Не е изгубен Не е повреден без рестрикции ползва се в читалня 363917 Регионална библиотека "Любен Каравелов" Русе Регионална библиотека "Любен Каравелов" Русе Хранилище 2017-10-13 Хранилище 15.00 120000815905 Цб І 39121 120000815905 2 7.67 Дост: Dp Вид: Д N: 36 Дата: 04.08.2017 Графични издания Universal Decimal Classification
  Не е изгубен Не е повреден без рестрикции заемане за дома 799617 Регионална библиотека "Любен Каравелов" Русе Регионална библиотека "Любен Каравелов" Русе Детски отдел 2020-09-17 Детски отдел 11.25   821-93/Я 67 Т 120000847052   5.75   Книги Universal Decimal Classification
  Не е изгубен Не е повреден без рестрикции заемане за дома 799618 Регионална библиотека "Любен Каравелов" Русе Регионална библиотека "Любен Каравелов" Русе Детски отдел 2020-09-17 Детски отдел 11.25   821-93/Я 67 Т 120000847053   5.75   Книги Universal Decimal Classification
Vip Innovations Ltd, Rousse, Bulgaria 2025